000 00398nam a2200145 i 4500
001 37818
003 ES-MaACL
005 20230906155640.0
007 t|
008 030221q1947 sp ||||1| spa d
245 0 0 _aCádiz.
260 _a[Madrid :
_bDirección General de Turismo,
_c1947?] (
_eBilbao :
_fArte)
300 _a13 h., 13 lám. :
_bil. ;
_c23 cm.
852 _aES-MaACL
_j1877-F-4
_bR.24474
999 _c37818
_d37818